000 00579nam a2200229Ia 4500
003 OSt
005 20220918175738.0
006 a|||||r|||| 00| 0
007 ta
008 220917b |||||||| |||| 00| 0 eng d
024 _a18,744
037 _cTextual
040 _aARTS
_cARTS
_beng
041 _2eng
_aeng
082 _aO:2J64:14:9, K1
100 _aWilson John Dover
_954793
245 0 _aFortunes of Falstaff
260 _c1981
650 _aENGLISH LITERATURE
942 _hO:2J64:14:9, K1
_cTEXL
_2CC
999 _c158845
_d158845